Continuum mechanics : (Record no. 26729)
[ view plain ]
| 000 -LEADER | |
|---|---|
| fixed length control field | 01121cam a2200301 i 4500 |
| 001 - CONTROL NUMBER | |
| control field | 4522937 |
| 003 - CONTROL NUMBER IDENTIFIER | |
| control field | EG-ScBUE |
| 005 - DATE AND TIME OF LATEST TRANSACTION | |
| control field | 20250518082301.0 |
| 008 - FIXED-LENGTH DATA ELEMENTS--GENERAL INFORMATION | |
| fixed length control field | 990629s1999 nyua f b 001 0 eng d |
| 020 ## - INTERNATIONAL STANDARD BOOK NUMBER | |
| International Standard Book Number | 0486401804 |
| 020 ## - INTERNATIONAL STANDARD BOOK NUMBER | |
| International Standard Book Number | 9780486401805 |
| 040 ## - CATALOGING SOURCE | |
| Original cataloging agency | EG-ScBUE |
| Language of cataloging | eng |
| Description conventions | rda |
| Transcribing agency | EG-ScBUE |
| Modifying agency | EG-ScBUE |
| 082 04 - DEWEY DECIMAL CLASSIFICATION NUMBER | |
| Classification number | 531 |
| Edition number | 22 |
| Item number | CHA |
| 100 1# - MAIN ENTRY--PERSONAL NAME | |
| Personal name | Chadwick, Peter, |
| Dates associated with a name | 1931- |
| Relator term | author. |
| 245 10 - TITLE STATEMENT | |
| Title | Continuum mechanics : |
| Remainder of title | concise theory and problems / |
| Statement of responsibility, etc | P. Chadwick, School of Mathematics and Physics, University of East Anglia, Norwich. |
| 250 ## - EDITION STATEMENT | |
| Edition statement | Second corrected and enlarged edition. |
| 264 #1 - PUBLICATION, DISTRIBUTION, ETC. (IMPRINT) | |
| Place of publication, distribution, etc | Mineola, New York : |
| Name of publisher, distributor, etc | Dover Publications, INC., |
| Date of publication, distribution, etc | 1999. |
| 300 ## - PHYSICAL DESCRIPTION | |
| Extent | 187 pages : |
| Other physical details | illustrations ; |
| Dimensions | 22 cm |
| 336 ## - CONTENT TYPE | |
| Source | rdacontent |
| Content type term | text |
| Content type code | txt |
| 337 ## - MEDIA TYPE | |
| Media type term | unmediated |
| Source | rdamedia |
| Media type code | n |
| 338 ## - CARRIER TYPE | |
| Carrier type term | volume |
| Carrier type code | nc |
| Source | rdacarrier |
| 504 ## - BIBLIOGRAPHY, ETC. NOTE | |
| Bibliography, etc | Includes bibliographical references and index. |
| 650 #7 - SUBJECT ADDED ENTRY--TOPICAL TERM | |
| Topical term or geographic name as entry element | Continuum mechanics. |
| Source of heading or term | BUEsh |
| 9 (RLIN) | 3193 |
| 653 ## - INDEX TERM--UNCONTROLLED | |
| Resource For college | Generalities |
| -- | Engineering, General |
| Arrived date list | May2018 |
| 655 ## - INDEX TERM--GENRE/FORM | |
| Form subdivision | Reading book |
| 856 42 - ELECTRONIC LOCATION AND ACCESS | |
| Materials specified | Publisher description |
| Uniform Resource Identifier | <a href="http://www.loc.gov/catdir/description/dover031/99038303.html">http://www.loc.gov/catdir/description/dover031/99038303.html</a> |
| 942 ## - ADDED ENTRY ELEMENTS (KOHA) | |
| Source of classification or shelving scheme | Dewey Decimal Classification |
| Koha item type | Book - Borrowing |
| Withdrawn status | Lost status | Source of classification or shelving scheme | Damaged status | Not for loan | Collection code | Home library | Current library | Shelving location | Date acquired | Total Checkouts | Full call number | Barcode | Date last seen | Price effective from | Koha item type |
|---|---|---|---|---|---|---|---|---|---|---|---|---|---|---|---|
| Dewey Decimal Classification | Baccah | Central Library | Central Library | First floor | 16/05/2018 | 531 CHA | 000047779 | 15/07/2025 | 16/05/2018 | Book - Borrowing |